| 000 | 00395nam a2200145Ia 4500 | ||
|---|---|---|---|
| 008 | 230917s9999||||xx |||||||||||||| ||und|| | ||
| 040 |
_e172873 _aMAIN |
||
| 041 | _aEnglish | ||
| 082 | _a891.433721 GM181A | ||
| 100 | _aगर्ग | ||
| 245 | 0 | _aवंशज | |
| 260 |
_aनई दिल्ली _bप्रभात प्रकाशन _c1980 |
||
| 300 | _a242 पृ. p. | ||
| 942 | _cHN | ||
| 999 |
_c155924 _d155924 |
||